|
|
|
|
| LEADER |
00566nam a22001577a 4500 |
| 020 |
|
|
|a 0-571-23009-1
|
| 082 |
|
|
|a 808
|b PIN/V N8
|
| 100 |
|
|
|a Pinter, Harold
|9 314799
|
| 245 |
|
|
|a Various Voices: Prose, Poetry, Politics 1948-2005
|
| 250 |
|
|
|a 1st
|
| 260 |
|
|
|a London;
|b Faber & Faber Ltd;
|c 1998
|
| 300 |
|
|
|a 266p.
|
| 650 |
|
|
|a Anthology; English Anthology; English Literature
|9 314800
|
| 942 |
|
|
|c BK
|
| 999 |
|
|
|c 65670
|d 65670
|
| 952 |
|
|
|0 0
|1 0
|4 0
|6 808_000000000000000_PIN_V_N8
|7 0
|8 EnglAnth
|9 78339
|a MAL
|b MAL
|d 2016-10-24
|e 48578
|l 0
|o 808 PIN/V N8
|p MAL048578
|r 2016-10-24
|t 1
|w 2016-10-24
|y BK
|